Pennsylvania Area Codes - Statistics

General Stats
  • This quiz has been taken 53 times
  • The average score is 6 of 14
Answer Stats
Hint Answer % Correct
South Central Pennsylvania 717
72%
Southeastern Pennsylvania except Philadelphia and Southeast Corner of the State 610
66%
Philadelphia and Southeast Corner of the State 215
63%
Northeastern Pennsylvania 570
59%
Pittsburgh and immediate surroundings 412
56%
Philadelphia and Southeast Corner of the State Overlay 267
53%
Northwestern and Central Pennsylvania 814
50%
Southeastern Pennsylvania except Philadelphia and Southeast Corner of the State Overlay 484
47%
Western Pennsylvania except Pittsburgh and immediate surroundings 724
47%
South Central Pennsylvania Overlay 223
25%
Northeastern Pennsylvania Overlay 272
22%
Philadelphia and Southeast Corner of the State Overlay #2 445
22%
Western Pennsylvania Overlay 878
22%
Northwestern and Central Pennsylvania Overlay 582
19%
No matching quizzes found
Score Distribution
Percent of People with Each Score
Percentile by Number Answered
Your Score History
You have not taken this quiz